000 00537nam a2200181 i 4500
001 67228
003 ES-MaACL
005 20230906170017.0
007 t|
008 040513s1992 sp ||||1| spa d
020 _a84-604-2018-3
080 _a821.134.2-14"19"
245 0 0 _aPoemas a Pepi Sánchez y su obra /
_cAntonio Fernández Heliodoro (ed.).
260 _aMadrid :
_bLa Rama Dorada,
_c[1992]
300 _a81 p. :
_bil. ;
_c21 cm.
700 1 _aFernández Heliodoro, Antonio.
_949842
852 _aES-MaACL
_j2178-F-14
_bR.131836
999 _c67228
_d67228